Bibliografía de Mirta Aguirre / (Record no. 15295)
[ view plain ]
| 000 -CABECERA | |
|---|---|
| campo de control de longitud fija | 00680cam a2200181 a 4500 |
| 001 - NÚMERO DE CONTROL | |
| campo de control | 000015745 |
| 005 - FECHA Y HORA DE LA ÚLTIMA TRANSACCIÓN | |
| campo de control | 20200929164134.0 |
| 008 - DATOS DE LONGITUD FIJA--INFORMACIÓN GENERAL | |
| campo de control de longitud fija | 900303s1988 cu b 001 0 spa |
| 040 ## - FUENTE DE LA CATALOGACIÓN | |
| Centro catalogador/agencia de origen | DO-SdBNP |
| Lengua de catalogación | spa |
| Centro/agencia transcriptor | BNPHU |
| 082 ## - NÚMERO DE LA CLASIFICACIÓN DECIMAL DEWEY | |
| Número de clasificación | 012 |
| Número de documento/Ítem | C352b |
| 100 1# - ENTRADA PRINCIPAL--NOMBRE DE PERSONA | |
| Nombre de persona | Castillo Vega, Marcia. |
| 9 (RLIN) | 17575 |
| 245 10 - MENCIÓN DE TÍTULO | |
| Título | Bibliografía de Mirta Aguirre / |
| Mención de responsabilidad, etc. | Marcia Castillo Vega ; edición Ángel L. Fernández. |
| 260 ## - PUBLICACIÓN, DISTRIBUCIÓN, ETC. | |
| Lugar de publicación, distribución, etc. | La Habana, Cuba : |
| Nombre del editor, distribuidor, etc. | Editorial Letras Cubanas, |
| Fecha de publicación, distribución, etc. | 1988. |
| 300 ## - DESCRIPCIÓN FÍSICA | |
| Extensión | 213 p. ; |
| Dimensiones | 24 cm. |
| 600 14 - PUNTO DE ACCESO ADICIONAL DE MATERIA--NOMBRE DE PERSONA | |
| Nombre de persona | AGUIRE,MIRTA, |
| Fechas asociadas al nombre | 1912-1980 |
| Subdivisión general | BIBLIOGRAFÍA |
| 9 (RLIN) | 35426 |
| 700 1# - PUNTO DE ACCESO ADICIONAL--NOMBRE DE PERSONA | |
| Nombre de persona | Fernández, Ángel L. |
| Término indicativo de función/relación | ed. |
| 9 (RLIN) | 35427 |
| 710 1# - PUNTO DE ACCESO ADICIONAL--NOMBRE DE ENTIDAD CORPORATIVA | |
| Nombre de entidad corporativa o nombre de jurisdicción como elemento de entrada | Instituto de Literatura y Lingüística |
| Unidad subordinada | Academia de Ciencias de Cuba |
| 9 (RLIN) | 35428 |
| Estado de retiro | Estado de pérdida | Restricciones de uso | No para préstamo | Código de colección | Localización permanente | Ubicación/localización actual | Ubicación en estantería | Fecha de adquisición | Número de inventario | Total de préstamos | Signatura topográfica completa | Código de barras | Fecha visto por última vez | Precio válido a partir de | Tipo de ítem Koha |
|---|---|---|---|---|---|---|---|---|---|---|---|---|---|---|---|
| Excluido de préstamo | Monografías: Libros y Folletos | General | General | Depósito | 17.02.2010 | LF1 | 012 C352b | 15745-10 | 25.06.2020 | 25.06.2020 | No se presta |
